000
00299nam a2200109Ia 4500
008
220204s9999 xx 000 0 und d
082
_a
541.251
_b
STE.4
245
0
_a
Stereochemistry: Fundamentals and methods. V 4
260
_a
Stuttgart
_b
George Thieme
_c
1977
700
_a
Kagan, Henri B
942
_c
BK
999
_c
27978
_d
27978